The Central Committee Resolution and Zhdanovs speech on the journals Zvezda and Leningrad = Doklad t. Zhdanova o zhurnalakh Zvezda i Leningrad /

Bibliographic Details
Corporate Author: T︠S︡K KPSS
Other Authors: Zhdanov, Andreĭ Aleksandrovich, 1896-1948
Format: Book
Language:English
Russian
Published: Royal Oak : Strathcona Publishing Co., [1978]
Edition:Bilingual edition.
Subjects:

MARC

Tag First Indicator Second Indicator Subfields
LEADER 00000cam a2200000 i 4500
001 in00000095669
005 20150925085508.0
008 790910s1978 miu 00000 eng
010 |a  79377544  
020 |c $9.00 
035 |a (OCoLC)05649774 
035 |9 AAL1886AM 
040 |a DLC  |c DLC  |d TXA  |d UtOrBLW 
041 1 |a eng  |a rus 
049 |a TXAM  |c [1191325] 
050 0 0 |a PG3476.Z7  |b Z58 
082 0 |a 891.7/09/0042 
245 0 4 |a The Central Committee Resolution and Zhdanovs speech on the journals Zvezda and Leningrad =  |b Doklad t. Zhdanova o zhurnalakh Zvezda i Leningrad /  |c English translation by Felecity Ashbee and Irina Tidmarsh. 
246 3 1 |a Doklad t. Zhdanova o zhurnalakh Zvezda i Leningrad  
250 |a Bilingual edition. 
264 1 |a Royal Oak :  |b Strathcona Publishing Co.,  |c [1978] 
264 4 |c ©1978 
300 |a 72 pages ;  |c 19 cm. 
336 |a text  |b txt  |2 rdacontent 
337 |a unmediated  |b n  |2 rdamedia 
338 |a volume  |b nc  |2 rdacarrier 
600 1 0 |a Zoshchenko, Mikhail,  |d 1895-1958  |x Political and social views. 
600 1 0 |a Akhmatova, Anna Andreevna,  |d 1889-1966  |x Political and social views. 
700 1 2 |a Zhdanov, Andreĭ Aleksandrovich,  |d 1896-1948.  |t Doklad o zhurnalakh Zvezda i Leningrad. English & Russian. 1978. 
710 2 2 |a T︠S︡K KPSS.  |t O zhurnalakh Zvezda i Leningrad. English & Russian. 1978. 
740 0 2 |a O zhurnalakh Zvezda i Leningrad. English & Russian. 
740 0 2 |a Doklad o zhurnalakh Zvezda i Leningrad. English & Rssian. 1978. 
999 |a MARS 
999 f f |s d11de2bb-6c5e-3302-af91-646e8c561897  |i f0608707-2007-3290-89a4-aca4ad3e96e1  |t 0 
952 f f |p ric  |a Texas A&M University  |b Rellis Campus  |c Joint Library Facility  |s JLF  |d Remote Storage  |t 0  |e PG3476.Z7 Z58  |h Library of Congress classification  |i unmediated -- volume  |m A14803631734 
998 f f |a PG3476.Z7 Z58  |t 0  |l Remote Storage